01833nam a2200481 i 450000100060000000300080000600500170001400600190003100700150005000800410006502000180010602000270012403500230015103500240017403500250019803500210022304000310024405000210027508000140029608000160031008200160032610000290034224501130037126400400048430000410052433600310056533700330059633800430062949000520067250000230072450400290074758801240077659001590090065000180105965000290107765100330110665100340113965500270117379700190120083000530121985600620127299900170133454996FlNmELB20241216232725.0m o d | cr cnu||||||||160724s2015 sp ob 001 0 spa d z9788490649558 a9788490649589 (e-book) a(MiAaPQ)EBC4536356 a(Au-PeEL)EBL4536356 a(CaPaEBR)ebr11217047 a(OCoLC)984826484 aFINmELBbspaerdacFINmELB 4aDA360bR451 2015 a942"1588" a946.0"1588"0 a942.0552231 aRevelles Soriano, David.13aEn los confines de Hibernia :btras la leyenda de la Armada Invencible en Irlanda /cDavid Revelles Soriano. 1aBarcelona :bEditorial UOC,c[2015] a1 recurso en línea (203 páginas) atextobtxt2rdacontent/spa acomputadorabc2rdamedia/spa arecurso en líneabcr2rdacarrier/spa1 aCuadernos Livingstone. Experiencias de viajeros aContiene índice. aContiene bibliografía. aDescripción basada en recurso en línea; Título de la página del título en PDF (e-libro, visto July 24, 2016). aRecurso electronico. Santa Fe, Arg. : e-libro, 2016. Disponible via World Wide Web. El acceso puede ser limitado para las bibliotecas afiliadas a e-libro. 0aArmada, 1588. 4aArmada Invencible, 1588. 0aIrelandxHistoryy1558-1603. 4aIrlandaxHistoriay1558-1603. 4aLibros electrónicos.2 ae-libro, Corp. 0aCuadernos Livingstone. Experiencias de viajeros.40uhttps://elibro.net/ereader/politecnicointernacional/57906 c54996d54996